Digital telephony (Record no. 3592)

000 -LEADER
fixed length control field 00571nam a2200217 a 4500
001 - CONTROL NUMBER
control field 3592
003 - CONTROL NUMBER IDENTIFIER
control field BD-DhUET
008 - FIXED-LENGTH DATA ELEMENTS--GENERAL INFORMATION
fixed length control field 900501s1991 nyua b 001 0 eng
020 ## - INTERNATIONAL STANDARD BOOK NUMBER
International Standard Book Number 0471620564
040 ## - CATALOGING SOURCE
Original cataloging agency DLC
Transcribing agency DLC
Modifying agency BD-DhUET
082 ## - DEWEY DECIMAL CLASSIFICATION NUMBER
Classification number 623.85
Item number BEL/1991
100 ## - MAIN ENTRY--PERSONAL NAME
Personal name Bellamy, John
245 10 - TITLE STATEMENT
Title Digital telephony
250 ## - EDITION STATEMENT
Edition statement 2nd ed.
260 ## - PUBLICATION, DISTRIBUTION, ETC. (IMPRINT)
Place of publication, distribution, etc. New York
Name of publisher, distributor, etc. John wiley & sons
Date of publication, distribution, etc. 1991
300 ## - PHYSICAL DESCRIPTION
Extent xix, 572 p.
Other physical details ill.
Dimensions 25 cm.
490 ## - SERIES STATEMENT
Series statement Wiley Series in telecommunications
504 ## - BIBLIOGRAPHY, ETC. NOTE
Bibliography, etc Includes bibliographies
650 #0 - SUBJECT ADDED ENTRY--TOPICAL TERM
Topical term or geographic name as entry element Digital telephony
942 ## - ADDED ENTRY ELEMENTS (KOHA)
Koha item type General Book
Holdings
Date acquired Koha normalized classification for sorting Lost status Koha issues (times borrowed) Piece designation (barcode) Location (home branch) Koha date last seen Koha date last borrowed Koha item type Source of classification or shelving scheme Sublocation or collection (holding branch) Shelving location Not for loan Damaged status Withdrawn status Koha full call number Price effective from Copy number
2014-11-02623_000000000000000_85BEL1991 283618Central Library, BUET2016-02-062015-10-10General Book Central Library, BUETCirculation section   623.85/BEL/19912014-11-021
2014-11-02623_000000000000000_85BEL1991  83620Central Library, BUET2017-08-26 General Book Central Library, BUETCirculation section   623.85/BEL/19912014-11-022
2014-11-02623_000000000000000_85BEL1991  83623Central Library, BUET2017-08-16 General Book Central Library, BUETCirculation section   623.85/BEL/19912014-11-023
2014-11-02623_850000000000000_BEL_1991 286339Central Library, BUET2024-02-202023-03-07General Book Central Library, BUETCirculation section   623.85/BEL/19912014-11-024
2015-07-01623_850000000000000_BEL_1991  87594Central Library, BUET2015-07-01 Reading Item Central Library, BUETReading section   623.85/BEL/19912015-07-015
1992-06-06623_850000000000000_BEL_1991  83563Central Library, BUET2024-12-09 Rental Item Central Library, BUETRental section   623.85 BEL/19912024-12-09ক-১
1992-06-06623_850000000000000_BEL_1991  83564Central Library, BUET2024-12-09 Rental Item Central Library, BUETRental section   623.85 BEL/19912024-12-09ক-২
1992-06-06623_850000000000000_BEL_1991  83565Central Library, BUET2024-12-09 Rental Item Central Library, BUETRental section   623.85 BEL/19912024-12-09ক-৩
1992-06-06623_850000000000000_BEL_1991  83566Central Library, BUET2024-12-09 Rental Item Central Library, BUETRental section   623.85 BEL/19912024-12-09ক-৪
1992-06-06623_850000000000000_BEL_1991  83567Central Library, BUET2024-12-09 Rental Item Central Library, BUETRental section   623.85 BEL/19912024-12-09ক-৫
1992-06-06623_850000000000000_BEL_1991  83568Central Library, BUET2024-12-09 Rental Item Central Library, BUETRental section   623.85 BEL/19912024-12-09ক-৬
1992-06-06623_850000000000000_BEL_1991  83569Central Library, BUET2024-12-09 Rental Item Central Library, BUETRental section   623.85 BEL/19912024-12-09ক-৭
1992-06-06623_850000000000000_BEL_1991  83570Central Library, BUET2024-12-09 Rental Item Central Library, BUETRental section   623.85 BEL/19912024-12-09ক-৮
1992-06-06623_850000000000000_BEL_1991  83571Central Library, BUET2024-12-09 Rental Item Central Library, BUETRental section   623.85 BEL/19912024-12-09ক-৯
1992-06-06623_850000000000000_BEL_1991  83572Central Library, BUET2024-12-09 Rental Item Central Library, BUETRental section   623.85 BEL/19912024-12-09ক-১০
1992-06-06623_850000000000000_BEL_1991  83573Central Library, BUET2024-12-09 Rental Item Central Library, BUETRental section   623.85 BEL/19912024-12-09ক-১১
1992-06-06623_850000000000000_BEL_1991  83574Central Library, BUET2024-12-09 Rental Item Central Library, BUETRental section   623.85 BEL/19912024-12-09ক-১২
1992-06-06623_850000000000000_BEL_1991  83575Central Library, BUET2024-12-09 Rental Item Central Library, BUETRental section   623.85 BEL/19912024-12-09ক-১৩
1992-06-06623_850000000000000_BEL_1991  83576Central Library, BUET2024-12-09 Rental Item Central Library, BUETRental section   623.85 BEL/19912024-12-09ক-১৪
1992-06-06623_850000000000000_BEL_1991  83577Central Library, BUET2024-12-09 Rental Item Central Library, BUETRental section   623.85 BEL/19912024-12-09ক-১৫